000 00327nam a2200121Ia 4500
999 _c14352
_d14352
008 260210s9999 xx 000 0 und d
020 _a9788492861224
082 _a729
100 _a Alejandro Zaera-Polo
245 0 _aThe Sniper's Log: Architectural Chronicles of Generation-X
260 _b‎ Actar
_c2013
942 _cUG
_2ddc